<?xml version="1.0" encoding="UTF-8"?>
<record
    xmlns:xsi="http://www.w3.org/2001/XMLSchema-instance"
    xsi:schemaLocation="http://www.loc.gov/MARC21/slim http://www.loc.gov/standards/marcxml/schema/MARC21slim.xsd"
    xmlns="http://www.loc.gov/MARC21/slim">

  <leader>00638cam a22001571  4500</leader>
  <datafield tag="082" ind1=" " ind2=" ">
    <subfield code="a">954.0317</subfield>
    <subfield code="b">MAL</subfield>
  </datafield>
  <datafield tag="100" ind1="1" ind2=" ">
    <subfield code="a">Malleson, G. B.</subfield>
  </datafield>
  <datafield tag="245" ind1="0" ind2="0">
    <subfield code="a">History of the Indian mutiny, 1857-1858.</subfield>
    <subfield code="b">Commencing from the close of the second volume of Sir John Kaye's History of the Sepoy war.</subfield>
    <subfield code="c">By Colonel G. B. Malleson.</subfield>
  </datafield>
  <datafield tag="260" ind1=" " ind2=" ">
    <subfield code="a">London,</subfield>
    <subfield code="b">W.H. Allen and co.,</subfield>
    <subfield code="c">1878-80.</subfield>
  </datafield>
  <datafield tag="300" ind1=" " ind2=" ">
    <subfield code="a">575 p.</subfield>
    <subfield code="b">fold. maps, fold. plans.</subfield>
    <subfield code="c">22 cm.</subfield>
  </datafield>
  <datafield tag="500" ind1=" " ind2=" ">
    <subfield code="a">Vol. 1: Contemporaneous with Sir John Kaye's third volume. 2d ed.</subfield>
  </datafield>
  <datafield tag="526" ind1=" " ind2=" ">
    <subfield code="a">0</subfield>
    <subfield code="b">0</subfield>
    <subfield code="c">0</subfield>
    <subfield code="d">954_031700000000000_MAL</subfield>
  </datafield>
  <datafield tag="526" ind1=" " ind2=" ">
    <subfield code="a">0</subfield>
    <subfield code="b">0</subfield>
    <subfield code="c">0</subfield>
    <subfield code="d">954_031700000000000_MAL</subfield>
  </datafield>
  <datafield tag="650" ind1=" " ind2=" ">
    <subfield code="a">MCE</subfield>
    <subfield code="9">379</subfield>
  </datafield>
  <datafield tag="942" ind1=" " ind2=" ">
    <subfield code="2">ddc</subfield>
    <subfield code="c">BK</subfield>
  </datafield>
  <datafield tag="999" ind1=" " ind2=" ">
    <subfield code="c">553156</subfield>
    <subfield code="d">553156</subfield>
  </datafield>
  <datafield tag="952" ind1=" " ind2=" ">
    <subfield code="0">0</subfield>
    <subfield code="1">0</subfield>
    <subfield code="2">ddc</subfield>
    <subfield code="4">0</subfield>
    <subfield code="7">0</subfield>
    <subfield code="a">MCE</subfield>
    <subfield code="b">MCE</subfield>
    <subfield code="c">Archive Section</subfield>
    <subfield code="d">2015-01-30</subfield>
    <subfield code="l">0</subfield>
    <subfield code="o">954.0317 MAL</subfield>
    <subfield code="p">MCE-ECH/45</subfield>
    <subfield code="r">2015-01-30</subfield>
    <subfield code="w">2015-01-30</subfield>
    <subfield code="y">BK</subfield>
    <subfield code="z">Volume - 1</subfield>
  </datafield>
  <datafield tag="952" ind1=" " ind2=" ">
    <subfield code="0">0</subfield>
    <subfield code="1">0</subfield>
    <subfield code="2">ddc</subfield>
    <subfield code="4">0</subfield>
    <subfield code="7">0</subfield>
    <subfield code="a">MCE</subfield>
    <subfield code="b">MCE</subfield>
    <subfield code="c">Archive Section</subfield>
    <subfield code="d">2015-01-30</subfield>
    <subfield code="l">0</subfield>
    <subfield code="o">954.0317 MAL</subfield>
    <subfield code="p">MCE-ECH/67</subfield>
    <subfield code="r">2015-01-30</subfield>
    <subfield code="w">2015-01-30</subfield>
    <subfield code="y">BK</subfield>
    <subfield code="z">Volume-2</subfield>
  </datafield>
</record>
